Evoluce bankomatu pokračuje bankomaty vstupují do nové, páte generace

História bankomatov. Inštalácia piatej generácie bankomatov. Využitie prepojenia s internetom. Tlak bánk na rýchlu návratnosť investícií. Poskytovanie finančných produktov v hustých sieťach. Súčasné triedenie bankomatov. Možnosť outsourcingu pre bankomaty. Presun vykonanie niektorých bankových služi...

Ausführliche Beschreibung

Gespeichert in:
Bibliographische Detailangaben
1. Verfasser: Machala, Karel
Format: Buchkapitel
Sprache:Tschechisch
Schlagworte:
Tags: Tag hinzufügen
Keine Tags, Fügen Sie das erste Tag hinzu!

MARC

LEADER 00000naa$a2200000$$$4500
001 0051967
005 20231010085957.0
041 0 |a cze 
044 |a CZ 
245 1 0 |a Evoluce bankomatu pokračuje  |b bankomaty vstupují do nové, páte generace  |c Karel Machala 
520 |a História bankomatov. Inštalácia piatej generácie bankomatov. Využitie prepojenia s internetom. Tlak bánk na rýchlu návratnosť investícií. Poskytovanie finančných produktov v hustých sieťach. Súčasné triedenie bankomatov. Možnosť outsourcingu pre bankomaty. Presun vykonanie niektorých bankových služieb priamo na bankomaty. Bankomaty čítajúce vkladné knižky, alebo snímkujúce šeky. Existencia bankomatov na prijímanie daní a pokút. 
610 2 0 |a služby finančné 
610 2 0 |a vývoj systémov 
610 2 0 |a internet 
610 2 0 |a bankovníctvo elektronické 
610 2 0 |a bankomaty 
610 2 0 |a bankovníctvo 
100 1 |a Machala, Karel